Los ángeles de hueso : novela /
Saved in:
| Main Author: | |
|---|---|
| Format: | Unknown |
| Language: | Spanish |
| Published: |
República Dominicana :
Editora Taller,
1985.
|
| Edition: | 2 edición |
| Series: | (Biblioteca taller ;
no.182) |
| Subjects: | |
| Tags: |
Add Tag
No Tags, Be the first to tag this record!
|
MARC
| LEADER | 000000000a22000000004500 | ||
|---|---|---|---|
| 001 | 008610 | ||
| 041 | 0 | |a spa | |
| 082 | 0 | 4 | |a RD863.44 |b V437a2 |
| 100 | 1 | |a Veloz Maggiolo, Marcio, |d 1936- | |
| 245 | 1 | 4 | |a Los ángeles de hueso : |b novela / |c Marcio Veloz Maggiolo. |
| 250 | |a 2 edición | ||
| 260 | 1 | |a República Dominicana : |b Editora Taller, |c 1985. | |
| 300 | |a 139 páginas | ||
| 490 | 1 | |a (Biblioteca taller ; |v no.182) | |
| 650 | 4 | |a LITERATURA DOMINICANA | |
| 650 | 4 | |a NOVELA | |
| 999 | |c 14166 |d 14166 | ||
| 942 | |c BK |h RD863.44 V437a2 |2 z | ||
